Statistics for Which flag is that? quiz 4

Click here to take the quiz!

General Stats

  • This quiz has been taken 31 times
  • The average score is 10 of 12

Answer Stats

QuestionAnswer% Correct
Norway
93%
Maldives
93%
East Timor (Timor-Leste)
90%
Tunisia
90%
Peru
86%
Taiwan
86%
Slovakia
83%
Fiji
83%
Malta
83%
Indonesia
79%
Laos
76%
Dominica
72%

Score Distribution

Percentile by Number Answered

Percent of People with Each Score

Your Score History

You have not taken this quiz